| 000 | 00512cam a2200169ua 4500 | ||
|---|---|---|---|
| 003 | OSt | ||
| 008 | 250610b |||||||| |||| 00| 0 eng d | ||
| 020 | _a9789384559793 | ||
| 082 |
_a624.1821 _bRAM/DE |
||
| 100 |
_aRamamrutham S. _aNarayanan R. _97561 |
||
| 245 | _aDesign of steel structures (by Limit State Method) | ||
| 250 | _a5 / 6 | ||
| 260 |
_aNew Delhi : _bDhanpat Rai Publishing Co. Pvt. Ltd. , _c2007, 2015 |
||
| 300 |
_a898, 1018 _bRevised And Enlarged Edition |
||
| 500 | _a19004-05-*CSS | ||
| 942 | _cBK | ||
| 999 |
_c7400 _d7400 |
||